| 000 | 00857nmc a2200337 a 4500 | ||
|---|---|---|---|
| 003 | AR-BaBNM | ||
| 005 | 20251128210838.0 | ||
| 008 | 201020s1999 ||||||||||||||000 | spa|| | ||
| 020 | _a987-9065-55-7 | ||
| 040 | _cAR-BaBNM | ||
| 100 | 1 | _aKreimer, Juan Carlos | |
| 245 | 1 | 0 | _aKrishnamurti |
| 260 |
_aBuenos Aires _bErrepar _c1999 |
||
| 300 | 0 |
_a176 p. _bil. |
|
| 490 | 0 |
_aPara principiantes _vv. 34 |
|
| 500 | 0 | _aContiene un breve glosario | |
| 600 | 0 | 4 | _aKrishnamurti |
| 650 | 4 | _aFILOSOFIA CONTEMPORANEA | |
| 650 | 4 | _aBIOGRAFIAS | |
| 650 | 4 | _aDIVULGACION | |
| 650 | 4 | _aVALORES MORALES | |
| 650 | 4 | _aETICA | |
| 650 | 4 | _aMISTICISMO | |
| 650 | 4 | _aPSICOLOGIA | |
| 653 | 0 | _aHISTORIETAS | |
| 655 | _aBIOGRAFIAS | ||
| 700 | 1 |
_aArvallo, MartÃn _eilustrador |
|
| 800 | 1 |
_aKreimer, Juan Carlos _edirector |
|
| 942 | _cBK | ||
| 998 | _cMARTIN | ||
| 999 |
_c17164 _d17164 |
||